THE COURSE OF EUROPE SINCE WATERLOO / (Record no. 617362)

000 -LEADER
fixed length control field 00371nam a22001337a 4500
020 ## - INTERNATIONAL STANDARD BOOK NUMBER
Qualifying information HB.
040 ## - CATALOGING SOURCE
Transcribing agency FIZZA ISHAQ
082 ## - DEWEY DECIMAL CLASSIFICATION NUMBER
Classification number 940.20
Author Mark WIL
100 ## - MAIN ENTRY--PERSONAL NAME
Personal name DAVIS,STEARNS DAVIS.
9 (RLIN) 134384
245 ## - TITLE STATEMENT
Title THE COURSE OF EUROPE SINCE WATERLOO /
Statement of responsibility, etc. WILLIAM STEARNS DAVIS.
260 ## - PUBLICATION, DISTRIBUTION, ETC.
Place of publication, distribution, etc. NEW YORK ;
Name of publisher, distributor, etc. D.APPLETON CENTURY,
Date of publication, distribution, etc. 1941.
300 ## - PHYSICAL DESCRIPTION
Extent 901 P. ;
Dimensions 9.9X6.6IN
942 ## - ADDED ENTRY ELEMENTS (KOHA)
Source of classification or shelving scheme
Koha item type Book
Holdings
Withdrawn status Lost status Source of classification or shelving scheme Damaged status Not for loan Permanent Location Current Location Shelving location Date acquired Total Checkouts Full call number Barcode Date last seen Price effective from Koha item type
          NUST Baluchistan Campus (NBC) NUST Baluchistan Campus (NBC) General Stacks 05/08/2026   940.20 WIL QD-361 05/08/2026 05/08/2026 Book
© 2023 Central Library, National University of Sciences and Technology. All Rights Reserved.